Patriotas Cubanos en el Departamento de Cortés /
Gespeichert in:
| 1. Verfasser: | |
|---|---|
| Format: | Unbekannt |
| Sprache: | Spanish |
| Schlagworte: | |
| Tags: |
Tag hinzufügen
Keine Tags, Fügen Sie den ersten Tag hinzu!
|
MARC
| LEADER | 000000000a22000000004500 | ||
|---|---|---|---|
| 001 | 006121 | ||
| 041 | 0 | |a spa | |
| 100 | 1 | |a Antunez, Rubén | |
| 245 | 1 | 0 | |a Patriotas Cubanos en el Departamento de Cortés / |c Rubén Antunez. |
| 650 | 4 | |a LITERATURA HONDUREÑA | |
| 650 | 4 | |a CUENTO | |
| 773 | 0 | |d Honduras : Centro Editorial |t Imaginación: Revista de Narrativa Hondureña |g (1989), páginas 16-28 | |
| 942 | |c ARC | ||
| 999 | |c 12751 |d 12751 | ||
